animal varieties - Statistics

General Stats
  • This quiz has been taken 8 times
  • The average score is 10 of 12
Answer Stats
Hint Answer % Correct
komodo,bearded dragon
100%
sword,parrot fish
100%
rain,tree,poison dart frog
100%
emperor,maccaroni,little blue penguin
100%
lemon,white,whale shark
100%
bengal,tasmanian,sabertooth tiger
100%
leather back,green,hawksbill turtle
88%
grey,dire wolf
88%
king,soft shell crab
75%
red,snow fox
75%
corn,hognose,coral snake
75%
malaio,brazilian tapir
13%
No matching quizzes found
Score Distribution
Percent of People with Each Score
Percentile by Number Answered
Your Score History
You have not taken this quiz